Most Popular Girls Names in South Carolina - Statistics

General Stats
  • This quiz has been taken 111 times
  • The average score is 11 of 24
Answer Stats
Hint Answer % Correct
1997, 1999 Sarah
66%
1980-87 Jennifer
63%
1980-96 Jessica
63%
2002 Elizabeth
62%
1998-08 Emily
60%
2003, 2006, 2008-12 Olivia
59%
1982-98 Ashley
54%
2003-2012 Emma
52%
2001 Anna
50%
2009-12 Isabella
50%
2000-12 Madison
50%
1996-06 Hannah
48%
1980-90 Amanda
46%
2002, 2004-05, 2007-09 Abigail
40%
1985-95 Brittany
40%
2007, 2010-12 Ava
39%
1981 Kimberly
36%
1980 Melissa
31%
1989, 1991-93 Amber
30%
1990-92, 1994-96 Kayla
28%
1988 Tiffany
28%
1993-01 Taylor
27%
1997-00 Alexis
22%
1980-84 Crystal
13%
No matching quizzes found
Score Distribution
Percent of People with Each Score
Percentile by Number Answered
Your Score History
You have not taken this quiz